[Event "KP MKSS 20/21"]
[Site ""]
[Date "2020.10.04"]
[Round "1.3"]
[White "Olsar, Robin"]
[Black "Pekarek, Ales"]
[Result "1-0"]
[WhiteElo "2089"]
[BlackElo "1921"]
[PlyCount "0"]
[WhiteTeam "Slezan Opava "A""]
[BlackTeam "SK Slavia Orlova "C""]
[EventDate "2020.10.04"]

1. Nf3 d5 2. c4 d4 3. g3 c5 4. d3 Nc6 5. Bg2 Nf6 6. O-O e5 7. Bg5 h6 8. Bxf6
Qxf6 9. Nbd2 Bf5 10. a3 Be7 11. Qc2 Rd8 12. Rae1 O-O 13. Nh4 Bh7 14. f4 exf4
15. Rxf4 Qe6 16. Bd5 Qe3+ 17. Kh1 Bxh4 18. Rxh4 Ne5 19. Qd1 g5 20. Nf1 Qf2 21.
Rxh6 Kg7 22. Rh5 Bg6 23. Rxg5 f6 24. Rxg6+ Kxg6 25. Bg2 Rh8 26. e3 dxe3 27. Re2
Qf5 28. Nxe3 Rxd3 29. Qc2 Nf3 30. h4 Qe4 31. Ng4 Qf5 32. Nf2 Nd4 33. Qxd3 Qxd3
34. Be4+ f5 35. Bxd3 Nxe2 36. Bxe2 Re8 37. Bf3 b6 38. Kg2 Re3 39. Nd1 Rd3 40.
Kf2 Rd4 41. Be2 Kf6 42. Ke3 Ke5 43. Nf2 Rd7 44. Nd3+ Kf6 45. Nf4 Ke5 46. Bd3
Rg7 47. Ne2 Rg4 48. Kf3 Rg7 49. b3 a6 50. Ke3 Rg4 51. Bc2 Kf6 52. Kf3 Ke5 53.
Bd1 Re4 54. h5 Kf6 55. Bc2 Re8 56. Nf4 Kg5 57. Nd5 Re6 58. Ne3 Kxh5 59. Kf4 1-0

[Event "KP MKSS 20/21"]
[Site ""]
[Date "2020.10.04"]
[Round "1.4"]
[White "Wanot, Ales"]
[Black "Chwistek, Karel"]
[Result "1/2-1/2"]
[WhiteElo "1845"]
[BlackElo "2048"]
[PlyCount "0"]
[WhiteTeam "SK Slavia Orlova "C""]
[BlackTeam "Slezan Opava "A""]
[EventDate "2020.10.04"]

1. d4 Nf6 2. c4 g6 3. Nc3 Bg7 4. e4 d6 5. Nf3 O-O 6. Be2 e5 7. dxe5 dxe5 8.
Qxd8 Rxd8 9. Bg5 Re8 10. O-O c6 11. h3 h6 12. Be3 Nh5 13. Rad1 Nf4 14. Nh2 f5
15. exf5 Nxe2+ 16. Nxe2 gxf5 17. Bd2 Be6 18. b3 Nd7 19. Bc3 Nc5 20. Nf3 e4 21.
Nfd4 Nd3 22. Nxe6 Rxe6 23. Bxg7 Kxg7 24. Nc1 Rd8 25. Nxd3 exd3 26. f4 Kf6 27.
Rd2 Re4 28. g3 Re3 29. Kf2 Rde8 30. Rfd1 Re2+ 31. Rxe2 Rxe2+ 32. Kf3 Rxa2 33.
Rxd3 Ra3 34. g4 a5 35. Ke3 fxg4 36. hxg4 Ke7 37. c5 a4 38. bxa4 Rxa4 39. Rd4
1/2-1/2

[Event "KP MKSS 20/21"]
[Site ""]
[Date "2020.10.04"]
[Round "1.5"]
[White "Zalesky, Karel"]
[Black "Fialka, Adam"]
[Result "1/2-1/2"]
[WhiteElo "2035"]
[BlackElo "1768"]
[PlyCount "0"]
[WhiteTeam "Slezan Opava "A""]
[BlackTeam "SK Slavia Orlova "C""]
[EventDate "2020.10.04"]

1. e4 c5 2. Nf3 e6 3. d4 cxd4 4. Nxd4 a6 5. a3 Nf6 6. Nc3 Qc7 7. Be3 Nc6 8. Be2
Be7 9. Qd2 O-O 10. O-O b5 11. f4 Bb7 12. Bf3 Nxd4 13. Qxd4 Rac8 14. Rad1 d5 15.
exd5 exd5 16. f5 Bd6 17. Qh4 Bc5 18. Bd4 Qe5 19. Qf2 Bxd4 20. Qxd4 Rfe8 21. Qd3
h6 1/2-1/2

[Event "KP MKSS 20/21"]
[Site ""]
[Date "2020.10.04"]
[Round "1.6"]
[White "Sebesta, Jan"]
[Black "Vicha, Martin"]
[Result "0-1"]
[WhiteElo "1777"]
[BlackElo "1987"]
[PlyCount "0"]
[WhiteTeam "SK Slavia Orlova "C""]
[BlackTeam "Slezan Opava "A""]
[EventDate "2020.10.04"]

1. e4 e5 2. Nf3 Nc6 3. Bc4 Bc5 4. d3 h6 5. c3 Nf6 6. O-O O-O 7. Bb3 d5 8. Nbd2
Bg4 9. Bc2 Qd7 10. b4 Bb6 11. a4 a5 12. b5 Ne7 13. Bb3 dxe4 14. dxe4 Ng6 15.
Qc2 Rad8 16. Nc4 Bxf3 17. gxf3 Qh3 18. Ne3 Nh4 0-1

[Event "KP MKSS 20/21"]
[Site ""]
[Date "2020.10.04"]
[Round "1.7"]
[White "Pardy, Martin"]
[Black "Mrazek, Roman"]
[Result "0-1"]
[WhiteElo "1925"]
[BlackElo "1505"]
[PlyCount "0"]
[WhiteTeam "Slezan Opava "A""]
[BlackTeam "SK Slavia Orlova "C""]
[EventDate "2020.10.04"]

1. e4 c5 2. Nf3 d6 3. Bb5+ Bd7 4. Bxd7+ Nxd7 5. c3 Ngf6 6. Qe2 e6 7. O-O Be7 8.
d4 O-O 9. h3 Rc8 10. a4 cxd4 11. cxd4 d5 12. e5 Ne4 13. Qb5 Qc7 14. Bf4 a6 15.
Qb3 Qb6 16. Qxb6 Nxb6 17. Ne1 f6 18. Nd3 fxe5 19. Bxe5 Nc4 20. f3 Nxe5 21. Nxe5
Ng3 22. Re1 Nf5 23. Nc3 Nxd4 24. Nd7 Rfd8 25. Nb6 Rc6 26. Nbxd5 Bc5 27. b4
Nxf3+ 28. Kf1 Nxe1 29. Kxe1 exd5 30. bxc5 0-1

[Event "KP MKSS 20/21"]
[Site ""]
[Date "2020.10.04"]
[Round "1.8"]
[White "Kijonka, Ondrej"]
[Black "Sovadina, Jiri"]
[Result "1-0"]
[WhiteElo "1488"]
[BlackElo "1927"]
[PlyCount "0"]
[WhiteTeam "SK Slavia Orlova "C""]
[BlackTeam "Slezan Opava "A""]
[EventDate "2020.10.04"]

1. e4 e5 2. Nf3 Nc6 3. Bc4 Bc5 4. c3 Nf6 5. d4 exd4 6. cxd4 Bb4+ 7. Nc3 Nxe4 8.
O-O Bxc3 9. d5 Bf6 10. Re1 Ne7 11. Rxe4 d6 12. Bg5 Bxg5 13. Nxg5 O-O 14. Qe2
Ng6 15. Qh5 h6 16. Ne6 fxe6 17. Qxg6 Rf6 18. dxe6 Bxe6 19. Bxe6+ Kh8 20. Qg3
Qf8 21. Rae1 Re8 22. Bb3 Rxe4 23. Rxe4 d5 24. Re5 c6 25. Qe3 Qd6 26. h3 Kg8 27.
Re7 Qb4 28. Qe1 Qxe1+ 29. Rxe1 Kf7 30. Re3 Re6 31. Rxe6 Kxe6 32. Kf1 Ke5 33.
Ke2 Kd4 34. Bc2 c5 35. f4 b5 36. g4 a5 37. g5 hxg5 38. fxg5 Ke5 39. h4 Kf4 40.
g6 d4 41. h5 Kg5 42. Kf3 c4 43. Ke4 d3 44. Bd1 b4 45. Kd4 c3 46. bxc3 1-0

[Event "KP MKSS 20/21"]
[Site ""]
[Date "2020.10.04"]
[Round "1.1"]
[White "Kolar, Stanislav"]
[Black "Rabatin, Jakub"]
[Result "0-1"]
[WhiteElo "2051"]
[BlackElo "2312"]
[PlyCount "0"]
[WhiteTeam "SK Senov "A""]
[BlackTeam "BSS Frydek-Mistek "D""]
[EventDate "2020.10.04"]

1. Nf3 Nf6 2. d4 g6 3. c4 Bg7 4. Nc3 O-O 5. e4 d6 6.
Be2 e5 7. dxe5 dxe5 8. Qxd8 Rxd8 9. Bg5 c6 10. O-O h6 11. Be3 Bg4 12. Rfd1 Nbd7
13. h3 Bxf3 14. Bxf3 Bf8 15. a3 Kg7 16. b4 a5 17. c5 Be7 18. g3 Nf8 19. Rxd8
Rxd8 20. Rd1 Ra8 21. b5 Ne6 22. bxc6 bxc6 23. Na4 Rb8 24. Rd3 Rb5 25. Rc3 Nd7
26. Be2 Rb1+ 27. Kg2 Nd4 28. Bd3 Rd1 29. Ba6 Nf8 30. f4 exf4 31. gxf4 Nfe6 32.
Nb2 Ra1 33. Bc4 Rb1 34. Nd3 Bf6 35. e5 Be7 36. Bxe6 Nxe6 37. Nf2 Nc7 38. Rc4
Nd5 39. Bc1 f5 40. exf6+ Bxf6 41. Ne4 Bb2 42. Bd2 Bxa3 43. Kf3 Bb4 44. Bc1 a4
45. Nf2 a3 46. Rc2 a2 0-1

[Event "KP MKSS 20/21"]
[Site ""]
[Date "2020.10.04"]
[Round "1.2"]
[White "Gnojek, Petr"]
[Black "Valencik, Jozef"]
[Result "1-0"]
[WhiteElo "2245"]
[BlackElo "2046"]
[PlyCount "0"]
[WhiteTeam "BSS Frydek-Mistek "D""]
[BlackTeam "SK Senov "A""]
[EventDate "2020.10.04"]

1. d4 d5 2. c4 c6 3. Nc3 e5 4. dxe5 d4 5. Ne4 Qa5+ 6.
Nd2 Nd7 7. Ngf3 Nxe5 8. Nxe5 Qxe5 9. Nf3 Bb4+ 10. Bd2 Qa5 11. Nxd4 Nf6 12. a3
Bxd2+ 13. Qxd2 Qxd2+ 14. Kxd2 c5 15. Nb5 Ke7 16. f3 Be6 17. e3 Rhd8+ 18. Kc2
Nd7 19. Nc7 Rac8 20. Nxe6 Kxe6 21. Rd1 Ne5 22. Be2 g5 23. g3 h5 24. Rxd8 Rxd8
25. h4 gxh4 26. Rxh4 Rg8 27. f4 Ng4 28. Bxg4+ hxg4 29. Rh5 b6 30. b4 cxb4 31.
axb4 Rc8 32. Kc3 Rc7 33. Re5+ Kd6 34. Rg5 f6 35. Rxg4 a5 36. Rg6 axb4+ 37. Kxb4
Re7 38. Rxf6+ Kc7 39. g4 Rxe3 40. g5 1-0

[Event "KP MKSS 20/21"]
[Site ""]
[Date "2020.10.04"]
[Round "1.3"]
[White "Podlesny, Pavel"]
[Black "Frank, Adam"]
[Result "1/2-1/2"]
[WhiteElo "2047"]
[BlackElo "2129"]
[PlyCount "0"]
[WhiteTeam "SK Senov "A""]
[BlackTeam "BSS Frydek-Mistek "D""]
[EventDate "2020.10.04"]

1. d4 Nf6 2. c4 g6 3. Nc3 Bg7 4. e4 d6 5. Bd3 O-O 6.
Nge2 Nc6 7. O-O Nd7 8. Bc2 e5 9. d5 Nd4 10. Nxd4 exd4 11. Ne2 Ne5 12. Nxd4 Nxc4
13. Rb1 Re8 14. b3 Ne5 15. f3 c5 16. dxc6 bxc6 17. Be3 Ba6 18. Re1 d5 19. exd5
cxd5 20. Qd2 Rc8 21. Rbd1 Nc6 22. Bb1 h5 23. f4 Qf6 24. Nxc6 Qxc6 25. Bd4 Rxe1+
26. Rxe1 Re8 27. Rxe8+ Qxe8 28. Bxg7 Kxg7 29. h3 Qc6 30. Qe3 Bc8 31. Kf2 Kh7
32. Bd3 Qf6 33. Qe5 Qb6+ 34. Kg3 h4+ 35. Kf3 Qg1 36. Qe7 Be6 37. Qxh4+ Kg7 38.
Qf2 Qa1 39. Qe2 d4 40. Kg3 Qc3 41. Kh2 Kf8 42. Qc2 Bf5 43. Bxf5 gxf5 44. Qxf5
d3 45. Qd7 f6 46. Qd8+ Kf7 47. Qd7+ Kg6 48. Qg4+ Kh7 49. Qd7+ Kh6 50. Qf7 Qd4
51. Qf8+ Kg6 52. Qg8+ Kf5 53. Qg4+ 1/2-1/2

[Event "KP MKSS 20/21"]
[Site ""]
[Date "2020.10.04"]
[Round "1.4"]
[White "Laurincova, Kristyna"]
[Black "Kozelsky, Marek"]
[Result "1-0"]
[WhiteElo "2052"]
[BlackElo "1958"]
[PlyCount "0"]
[WhiteTeam "BSS Frydek-Mistek "D""]
[BlackTeam "SK Senov "A""]
[EventDate "2020.10.04"]

1. e4 c6 2. d4 d5 3. Nc3 dxe4 4. Nxe4 Nd7 5. Nf3 Ngf6 6. Ng3 e6 7. Bd3
Qc7 8. Qe2 Bb4+ 9. c3 Bd6 10. Nf5 O-O 11. Nxd6 Qxd6 12. Ne5 c5 13. Nxd7 Bxd7
14. dxc5 Qxc5 15. O-O Bc6 16. Rd1 Rfd8 17. Bf4 Rd7 18. Be5 Qe7 19. Bxf6 Qxf6
20. Bxh7+ Kxh7 21. Rxd7 Qg6 22. Qd3 Bxd7 23. Qxd7 Qc2 24. Rd1 Qxb2 25. Qxf7
Qxa2 26. g3 Qc2 27. Rd4 1-0

[Event "KP MKSS 20/21"]
[Site ""]
[Date "2020.10.04"]
[Round "1.5"]
[White "Pohludka, Ondrej"]
[Black "Paseka, Matyas"]
[Result "0-1"]
[WhiteElo "1974"]
[BlackElo "2061"]
[PlyCount "0"]
[WhiteTeam "SK Senov "A""]
[BlackTeam "BSS Frydek-Mistek "D""]
[EventDate "2020.10.04"]

1. e4 c5 2. Nf3 Nc6 3. d4 cxd4 4. Nxd4 e5 5. Nxc6 bxc6 6. c4 Nf6 7. Bd3
Rb8 8. Nc3 Bc5 9. O-O h6 10. Rb1 O-O 11. Qe2 Re8 12. h3 Bb7 13. Na4 Bd4 14. Be3
d5 15. Nc5 Ba8 16. b4 Nd7 17. Nxd7 Qxd7 18. c5 Bc3 19. a3 a5 20. bxa5 Bxa5 21.
Rxb8 Rxb8 22. Rb1 Rxb1+ 23. Bxb1 Qb7 24. Bc2 Bc3 25. Qd3 d4 26. Bd2 Bxd2 27.
Qxd2 Qb2 28. Qd3 Bb7 29. Ba4 Qc1+ 30. Kh2 Qxc5 31. Qb3 Ba6 32. Qb8+ Kh7 33. Qc7
Bc4 34. Qxc6 Qxc6 35. Bxc6 d3 36. Ba4 Ba2 37. Bd1 Bb1 38. Kg1 Bc2 39. Bf3 d2
40. Kf1 Kg6 41. h4 Kf6 42. Be2 Bd3 0-1

[Event "KP MKSS 20/21"]
[Site ""]
[Date "2020.10.04"]
[Round "1.6"]
[White "Vantuch, Lucian"]
[Black "Cujdik, Jiri"]
[Result "1-0"]
[WhiteElo "1975"]
[BlackElo "1916"]
[PlyCount "0"]
[WhiteTeam "BSS Frydek-Mistek "D""]
[BlackTeam "SK Senov "A""]
[EventDate "2020.10.04"]

1. e4 c5 2. Nf3 g6 3. d4 cxd4 4. Nxd4 Nf6 5. Nc3 Nc6 6. Be3 Bg7 7. Bc4
Qa5 8. O-O O-O 9. Bb3 d6 10. h3 Bd7 11. Re1 Rac8 12. Qd3 Ne5 13. Qf1 Rxc3 14.
Bd2 Rfc8 15. Bxc3 Rxc3 16. bxc3 Qxc3 17. Rad1 a6 18. f4 Nc6 19. Nxc6 Bxc6 20.
e5 Ne4 21. Qc4 Qxc4 22. Bxc4 d5 23. Bxd5 Nc3 24. Bxc6 Nxd1 25. Rxd1 bxc6 26.
Rd8+ Bf8 27. Ra8 e6 28. Rxa6 Bc5+ 29. Kf1 Be3 30. Rxc6 Bxf4 31. a4 Bxe5 32. a5
1-0

[Event "KP MKSS 20/21"]
[Site ""]
[Date "2020.10.04"]
[Round "1.7"]
[White "Siwek, Antonin"]
[Black "Vanicek, Michal"]
[Result "1-0"]
[WhiteElo "1858"]
[BlackElo "1849"]
[PlyCount "0"]
[WhiteTeam "SK Senov "A""]
[BlackTeam "BSS Frydek-Mistek "D""]
[EventDate "2020.10.04"]

1. Nf3 c5 2. c4 g6 3. Nc3 Bg7 4. g3 Nf6 5. Bg2 Nc6 6. O-O O-O 7. d4
cxd4 8. Nxd4 Qb6 9. Nc2 d6 10. Rb1 Be6 11. b3 a6 12. e4 Bg4 13. Qd2 Ne5 14. Ne1
Rac8 15. h3 Be6 16. Kh2 Rfd8 17. f4 Nc6 18. Nc2 Nb4 19. Na4 Qa5 20. Qxb4 Qh5
21. Ne3 b5 22. Nc3 bxc4 23. Ncd5 a5 24. Qe1 Bxd5 25. exd5 c3 26. Bf3 Qh6 27.
Nc2 Rd7 28. f5 g5 29. h4 1-0

[Event "KP MKSS 20/21"]
[Site ""]
[Date "2020.10.04"]
[Round "1.8"]
[White "Lepik, Jaroslav"]
[Black "Kotlar, Jarmil"]
[Result "1/2-1/2"]
[WhiteElo "1819"]
[BlackElo "1892"]
[PlyCount "0"]
[WhiteTeam "BSS Frydek-Mistek "D""]
[BlackTeam "SK Senov "A""]
[EventDate "2020.10.04"]

1. Nf3 d5 2. d4 Bg4 3. Ne5 Bh5 4. Bf4 e6 5. Nd2 f6 6.
Nef3 Bd6 7. Bxd6 Qxd6 8. c3 Nd7 9. Qa4 c6 10. e3 Ne7 11. g3 e5 12. Qb3 e4 13.
Nh4 g5 14. Ng2 Bf3 15. Rg1 Kf7 16. Be2 Bxg2 17. Rxg2 Kg7 18. c4 h5 19. O-O-O
Rab8 20. f3 f5 21. Rf1 b5 22. c5 Qg6 23. Qd1 a5 24. g4 fxg4 25. fxg4 h4 26.
Rgf2 Rhf8 27. Rxf8 Rxf8 28. Rxf8 1/2-1/2

[Event "KP MKSS 20/21"]
[Site ""]
[Date "2020.10.04"]
[Round "1.1"]
[White "Walter, Szymon"]
[Black "Cvek, Robert"]
[Result "1/2-1/2"]
[WhiteElo "2276"]
[BlackElo "2489"]
[PlyCount "0"]
[WhiteTeam "SK Slavoj Poruba "C""]
[BlackTeam "SK Ostrava-Jih "A""]
[EventDate "2020.10.04"]

1. e4 c5 2. Nf3 Nc6 3. d4 cxd4 4. Nxd4 g6 5. c4 Nf6 6. Nc3 d6 7. Be2 Nxd4 8.
Qxd4 Bg7 9. Bg5 O-O 10. Qd2 a5 11. O-O a4 12. Rac1 Be6 13. f4 h6 14. Bh4 Qa5
15. f5 gxf5 16. exf5 Bxf5 17. Bd3 Bg6 18. Rce1 Rfe8 19. Qc2 Qc5+ 20. Kh1 Qd4
21. Bxg6 Qxh4 22. Be4 a3 23. b3 Ng4 24. g3 Qxh2+ 25. Qxh2 Nxh2 26. Kxh2 Bxc3
27. Re3 Be5 28. Bxb7 Ra7 29. Bf3 f6 30. b4 e6 31. b5 Rb8 32. Rb3 Rb6 33. Bc6
Kf7 34. Rff3 Bb2 35. Rbe3 Ke7 36. Rd3 1/2-1/2

[Event "KP MKSS 20/21"]
[Site ""]
[Date "2020.10.04"]
[Round "1.2"]
[White "Michenka, Jozef"]
[Black "Krajina, Ales"]
[Result "1-0"]
[WhiteElo "2301"]
[BlackElo "2161"]
[PlyCount "0"]
[WhiteTeam "SK Ostrava-Jih "A""]
[BlackTeam "SK Slavoj Poruba "C""]
[EventDate "2020.10.04"]

1. d4 d5 2. c4 c6 3. Nf3 Nf6 4. e3 Bf5 5. Nc3 e6 6. Nh4 Be4 7. f3 Bg6 8. Qb3
Qb6 9. Nxg6 hxg6 10. Bd2 Nbd7 11. g3 dxc4 12. Bxc4 Qxb3 13. Bxb3 e5 14. O-O Bb4
15. Rad1 exd4 16. exd4 O-O 17. Ne4 Bxd2 18. Rxd2 Nb6 19. Nc5 Rfb8 20. Re1 Nbd5
21. Rde2 b6 22. Nd3 Rc8 23. Rc1 Rc7 24. Rec2 Rac8 25. Ne5 c5 26. dxc5 Rxc5 27.
Rxc5 Rxc5 28. Rxc5 bxc5 29. Nd3 Kf8 30. Nxc5 Ke7 31. Kf2 Kd6 32. Ne4+ Nxe4+ 33.
fxe4 Nb4 34. Bxf7 Nd3+ 35. Ke3 Nxb2 36. Kd4 Na4 37. e5+ Ke7 38. Bxg6 Nb6 39.
Bf5 1-0

[Event "KP MKSS 20/21"]
[Site ""]
[Date "2020.10.04"]
[Round "1.3"]
[White "Ockay, Tomas"]
[Black "Raiman, Tom"]
[Result "0-1"]
[WhiteElo "2118"]
[BlackElo "1822"]
[PlyCount "0"]
[WhiteTeam "SK Slavoj Poruba "C""]
[BlackTeam "SK Ostrava-Jih "A""]
[EventDate "2020.10.04"]

1. Nf3 d5 2. b3 Nf6 3. Bb2 e6 4. e3 Bd6 5. Be2 Nbd7 6. d4 Qe7 7. c4 c6 8. Nc3
b6 9. O-O O-O 10. Qc2 Bb7 11. e4 dxe4 12. Nxe4 Nxe4 13. Qxe4 Rfe8 14. Bd3 Nf8
15. Rfe1 c5 16. d5 f5 17. Qe2 exd5 18. Qxe7 Rxe7 19. cxd5 Bxd5 20. Bxf5 Rae8
21. Rxe7 Rxe7 22. Rd1 Bxf3 23. gxf3 Be5 24. Bc1 Bd4 25. Be4 Ne6 26. Re1 h6 27.
Bd5 Kf7 28. Bf4 Kf6 29. Bd6 Re8 30. Bc4 Nc7 31. Rxe8 Nxe8 32. Bb8 a5 33. Bb5
Ke7 34. Bxe8 Kxe8 35. Bc7 c4 36. bxc4 Kd7 37. Bf4 Kc6 38. Kf1 Kc5 39. Ke2 Kxc4
40. Kd2 Bxf2 41. Kc2 b5 42. Bc7 a4 43. Bd6 h5 44. Be5 Bd4 45. Bd6 b4 46. f4 g6
47. Kd2 b3 48. axb3+ axb3 49. Be7 Bg1 50. h3 Kd4 51. Bg5 Be3+ 0-1

[Event "KP MKSS 20/21"]
[Site ""]
[Date "2020.10.04"]
[Round "1.4"]
[White "Kusak, Lubomir"]
[Black "Kufa, Pavel"]
[Result "0-1"]
[WhiteElo "1787"]
[BlackElo "2110"]
[PlyCount "0"]
[WhiteTeam "SK Ostrava-Jih "A""]
[BlackTeam "SK Slavoj Poruba "C""]
[EventDate "2020.10.04"]

1. c4 e5 2. Nc3 f5 3. g3 Nf6 4. Bg2 Nc6 5. e3 Bc5 6. Nge2 d6 7. d4 Bb6 8. d5
Ne7 9. O-O Ng6 10. Na4 O-O 11. Nxb6 axb6 12. Nc3 e4 13. Nb5 Ne5 14. Qc2 Bd7 15.
Nd4 Qe8 16. f3 Qh5 17. a3 c5 18. dxc6 bxc6 19. fxe4 fxe4 20. Bd2 c5 21. Nb5
Nf3+ 22. Bxf3 exf3 23. Nxd6 Ng4 24. h4 Qe5 0-1

[Event "KP MKSS 20/21"]
[Site ""]
[Date "2020.10.04"]
[Round "1.5"]
[White "Cempel, Jaroslav"]
[Black "Cap, Simon"]
[Result "0-1"]
[WhiteElo "1995"]
[BlackElo "1839"]
[PlyCount "0"]
[WhiteTeam "SK Slavoj Poruba "C""]
[BlackTeam "SK Ostrava-Jih "A""]
[EventDate "2020.10.04"]

1. e4 e5 2. f4 exf4 3. Be2 Qh4+ 4. Kf1 f5 5. exf5 Nf6 6. Nf3 Qh6 7. d4 d5 8.
Bd3 Nc6 9. Nc3 Bd7 10. Qe1+ Be7 11. Ne2 Nh5 12. g4 Nf6 13. h3 g5 14. fxg6 hxg6
15. Bxf4 Qg7 16. Kg2 O-O-O 17. Qg3 Ne4 18. Bxe4 dxe4 19. Ne5 g5 20. Be3 Bd6 21.
Qe1 Nxe5 22. dxe5 Bxe5 23. Qa5 a6 24. c3 Bb5 25. Nd4 Qf6 26. Nf5 Rd3 27. Raf1
Rd5 28. Qb4 Bxf1+ 29. Rxf1 Rd7 30. Qc5 Bf4 31. Bd4 Qd8 32. Qa7 Rxd4 33. cxd4 c6
34. d5 Rh7 35. d6 Bxd6 36. Rd1 Rd7 37. Qd4 Bf4 38. Qxd7+ Qxd7 39. Rxd7 Kxd7 40.
Ng3 Bxg3 41. Kxg3 Ke6 42. h4 gxh4+ 43. Kxh4 Kf6 44. g5+ Kf5 45. g6 Kxg6 46. Kg4
e3 47. Kf3 Kf5 48. Kxe3 Ke5 49. Kd3 Kd5 50. Kc3 Kc5 51. b4+ Kb5 52. Kb3 a5 53.
a3 axb4 54. axb4 c5 55. bxc5 Kxc5 56. Kc3 Kb5 57. Kb3 b6 58. Ka3 Kc4 59. Ka2
Kc3 0-1

[Event "KP MKSS 20/21"]
[Site ""]
[Date "2020.10.04"]
[Round "1.6"]
[White "Chmela, Zdenek"]
[Black "Kudla, Richard"]
[Result "1/2-1/2"]
[WhiteElo "1811"]
[BlackElo "2006"]
[PlyCount "0"]
[WhiteTeam "SK Ostrava-Jih "A""]
[BlackTeam "SK Slavoj Poruba "C""]
[EventDate "2020.10.04"]

1. d4 d5 2. Nf3 Nf6 3. c4 c6 4. e3 e6 5. Nc3 Nbd7 6. Bd3 dxc4 7. Bxc4 b5 8. Bb3
b4 9. Ne2 Bd6 10. a3 bxa3 11. bxa3 O-O 12. O-O Qc7 13. Ng3 c5 14. dxc5 Nxc5 15.
Bc2 Ba6 16. Re1 Rfd8 17. Bd2 Bxg3 18. hxg3 Nce4 19. Bxe4 Nxe4 20. Qc1 Qxc1 21.
Bxc1 Rac8 22. Nd4 e5 23. Nf5 Rc2 24. f3 Nc3 25. e4 Re2 26. Be3 Rd7 27. Bc5 Rc2
28. Bb4 Rdd2 29. Ne3 Ne2+ 30. Kh2 Rc6 31. Nf5 Rd7 32. Red1 Rcc7 33. Rxd7 Rxd7
34. Kh3 f6 35. Ne7+ Kf7 36. Nd5 h5 37. Nc3 Nxc3 38. Bxc3 Bc8 39. Kh2 Rc7 40.
Bb4 g5 41. Rd1 g4 42. Rd2 Be6 1/2-1/2

[Event "KP MKSS 20/21"]
[Site ""]
[Date "2020.10.04"]
[Round "1.7"]
[White "Potomak, Vladimir"]
[Black "Snopek, Jiri"]
[Result "1-0"]
[WhiteElo "2089"]
[BlackElo "1688"]
[PlyCount "0"]
[WhiteTeam "SK Slavoj Poruba "C""]
[BlackTeam "SK Ostrava-Jih "A""]
[EventDate "2020.10.04"]

1. c4 Nf6 2. d4 e6 3. Nf3 d5 4. Nc3 Be7 5. Bg5 O-O 6. e3 h6 7. Bf4 a6 8. Qc2
dxc4 9. Bxc4 b5 10. Bd3 Bb7 11. a4 b4 12. Ne4 Nd5 13. Bg3 Nd7 14. Ne5 Nxe5 15.
Bxe5 Bd6 16. Nc5 Bc8 17. Bg3 f5 18. Be5 Qe7 19. Rc1 Qg5 20. f4 Qg4 21. Qf2 Bxe5
22. dxe5 Rd8 23. O-O h5 24. e4 Ne7 25. h3 Qg6 26. Qh4 Qf7 27. exf5 Bd7 28. Nxd7
Rxd7 29. fxe6 Qxe6 30. Bc4 Nd5 31. Qxh5 g6 32. Qg4 Qxg4 33. hxg4 Kg7 34. Bxd5
Rxd5 35. Rxc7+ 1-0

[Event "KP MKSS 20/21"]
[Site ""]
[Date "2020.10.04"]
[Round "1.8"]
[White "Barcik, Peter"]
[Black "Dostal, Petr"]
[Result "0-1"]
[WhiteElo "1546"]
[BlackElo "1777"]
[PlyCount "0"]
[WhiteTeam "SK Ostrava-Jih "A""]
[BlackTeam "SK Slavoj Poruba "C""]
[EventDate "2020.10.04"]

1. Nf3 d6 2. c4 e5 3. e4 Nc6 4. Be2 Nf6 5. Nc3 Nd4 6. h3 Nxe2 7. Qxe2 Be7 8. d4
exd4 9. Nxd4 O-O 10. Be3 Re8 11. O-O-O b6 12. Nc6 Qd7 13. Nxe7+ Qxe7 14. f3 Bb7
15. Bg5 h6 16. Bxf6 Qxf6 17. Nd5 Bxd5 18. Rxd5 Re5 19. Kb1 a5 20. Rhd1 Rae8 21.
Qe3 Qh4 22. Rxe5 Rxe5 23. f4 Re8 24. Qf3 Qe7 25. Re1 Qe6 26. b3 a4 27. Qc3 axb3
28. axb3 Qg6 29. Qf3 Qf6 30. e5 dxe5 31. Rxe5 Rxe5 32. Qa8+ Kh7 33. fxe5 Qxe5
34. Qf3 Kg6 35. g4 f5 36. Qc6+ Kg5 37. Qf3 Qe4+ 38. Qxe4 fxe4 39. Kc1 Kh4 40.
g5 Kxg5 41. Kd2 Kf4 42. Ke2 g5 43. b4 c5 0-1